| 000 | 00469 a2200169 4500 | ||
|---|---|---|---|
| 003 | OSt | ||
| 005 | 20231211130908.0 | ||
| 008 | 231211b |||||||| |||| 00| 0 eng d | ||
| 020 | _a9788182676086 | ||
| 040 | _coclc | ||
| 082 |
_a954 _bBAL/B |
||
| 100 |
_aBalram, N E _96794 |
||
| 245 |
_aBHARATHEEYA SAMSKARIKA PARAMPARYAM / _cN E Balram |
||
| 260 |
_bMathrubhumi Books, _c2018. |
||
| 300 | _a119p | ||
| 942 |
_2ddc _cBK _h954 _iBAL/B _k954 _mBAL/B |
||
| 999 |
_c44157 _d44157 |
||